000
00222 a2200097 4500
001
43951
100
_a
Muhammad Ismail Masood
245
_a
Tehzeeb Al-Itfall
260
_a
Lahore
_b
Sheikh Academy
_c
090
_c
27691
_d
27691
942
_a
NUST-CAE
_c
M
_c
19659
999
_c
279024
_d
279024